Statistiques concernant Les villes dans les expressions de la langue française

Cliquez ici pour prendre le quiz!

Statistiques générales

  • Ce quiz a été pris 427 fois
  • Le résultat moyen est 6 sur 14

Statistiques - réponses

ExpressionVille% Correct
Tous les chemins mènent à ___Rome
100%
Avec des si on mettrait _____ en bouteilleParis
79%
Un cheval de ___Troie
76%
Tonnerre de ___ !Brest
68%
Souviens-toi du vase de ____ !Soissons
54%
___ vaut bien une messe !Paris
38%
Personne ou entité espionnant pour le compte d'une autre : l'oeil de ___Moscou
36%
Une image d' ____Epinal
33%
C'est le grand luxe : c'est ____Byzance
20%
Un événement qui a de graves conséquences : un coup de ___Trafalgar
20%
Machination rusée et presque déloyale : coup de ___Jarnac
12%
Prouesse technique propre à quelqu’un : la botte de ___Nevers
12%
Voir ___ et mourirNaples
11%
ça va faire du bruit dans ___ !Landerneau
9%

Distribution des résultats

Percentile par nombre de réponses

% des personnes avec chaque résultat

Votre développement - résultats

Vous n’avez pas pris ce quiz